000 00764nam0a22002651 4500
001 rc\4713225
005 20250612011011.0
021 _aRU
_b67-65918
021 _aRU
_bРг8804-67
035 _a(NLR Aleph) 008438267
090 _a9461286
_c9461286
100 _a20130416d1967 |||y0rusy50 ca
101 0 _arus
102 _aRU
105 _ay z |||||
200 1 _aЖенская мода, ее сущность, ее механизм, ее значение
210 _aМосква
_cБ. и.
_d1967
215 _a3 с.
_d20
300 _aОтпеч. множит. аппаратом
700 1 _aНефф
_bК.-Э.
_gКлод-Элен
801 0 _aRU
_bNLR
_gpsbo
801 1 _aRU
_bELAR
_2rusmarc
852 _aNLR
_j67-4/18356
942 _cBOOK
980 _aNB